گر و نا نک سے گر و گر نتھ صا حب تک (Record no. 169800)

MARC details
000 -LEADER
fixed length control field 00645nam a22001937a 4500
005 - DATE AND TIME OF LATEST TRANSACTION
control field 20191204161237.0
010 ## - LCCN (DPL NO)
LC control number B-283634
020 ## - INTERNATIONAL STANDARD BOOK NUMBER
Terms of availability 250.00
International Standard Book Number 8123014805
035 ## - SYSTEM CONTROL NUMBER
System control number B-283634
037 ## - SOURCE OF ACQUISITION
Source of stock number/acquisition BPPD
082 ## - DEWEY DECIMAL CLASSIFICATION NUMBER
Classification number 260
100 ## - MAIN ENTRY--PERSONAL NAME
Personal name مہيپ سنگھ
245 ## - TITLE STATEMENT
Title گر و نا نک سے گر و گر نتھ صا حب تک
Statement of responsibility, etc مہيپ سنگھ
246 ## - VARYING FORM OF TITLE
Title proper/short title Guru Nanak Se Guru Granth Sahib Tak (Urdu)
Remainder of title by Maheep Singh
260 ## - PUBLICATION, DISTRIBUTION, ETC. (IMPRINT)
Place of publication, distribution, etc N.Delhi
Name of publisher, distributor, etc Additional Director Gernal Pub.Div.
Date of publication, distribution, etc 2008 ء
270 ## - ADDRESS
Address Suchna Bhawan CGO Complex
City N.Delhi
Postal code 110003
Telephone number -
300 ## - PHYSICAL DESCRIPTION
Extent 135 ص
Dimensions 22 cm(hb)
942 ## - ADDED ENTRY ELEMENTS (KOHA)
Source of classification or shelving scheme Dewey Decimal Classification
Item type Urdu Bks
Classification part 260
Call number suffix م ہ ی
Holdings
Withdrawn status Lost status Not for loan Collection code Home library Current library Date acquired Source of acquisition Cost, normal purchase price Full call number Barcode Copy number Cost, replacement price Koha item type
    Ordered Non-fiction Central Library Central Library 04/12/2019 BPPD/Ven. 250.00 260 م ہ ی B-283634 1 250.00 Urdu Bks

© Delhi Public Library
Hit Counter
free hit counter